Harry Potter - I - Statistiques

Statistiques générales
  • Ce quiz a été pris 91 fois
    58 depuis la dernière actualisation
  • Le résultat moyen est 5 sur 9
Statistiques - réponses
Définition Nom % Correct
Directeur de Durmstrang Igor karkaroff
100%
Un des frères du conte Ignotus Peverell
73%
Sortillège impardonnable Impero
73%
Bibliothécaire de Poudlard Irma Pince
71%
Sortillège de feu Incendio
63%
La baguette de Voldemort est faîte en ce bois If
44%
Créature dont Voldemort c'est serviPour protéger la caverne Inferius
21%
Actrice de Ombrage Imelda Staunton
19%
Acteur de Quirell Ian Hart
17%
Aucun quiz correspondant
Distribution des résultats
% des personnes avec chaque résultat
Percentile par nombre de réponses
Votre historique - résultats
Vous n’avez pas pris ce quiz depuis la dernière actualisation